000 00983nam a2200313 i 4500
003 EG-GICUC
005 20260223214819.0
008 260223s1950 fr ||||fr|||| 00| 0 fre d
040 _aEG-GiCUC
_bfre
_cEG-GiCUC
_dEG-GiCUC
_erda
082 0 4 _221
_a341
_bPR . M
092 0 4 _221
099 _aLaw1 11 341 PR . M 1950
100 1 _aPradelle, A. De La
_eAuteur
245 1 0 _aMaitres Et Doctrines Du Droit Des Gens /
_b
_cA. De La Pradelle.
_n
250 _a2 Edition
264 1 _aParis :
_bLes Éditions Inter-nationales,
_c1950.
300 _a440pages :
_billustrations,
_c24 cm
336 _2rda content
_atext
337 _2rda media
_aComputer
338 _2rda carrier
_aOnline Resource
504 _a
546 _aTexte en français
650 1 4 _aDroit international public
_2
651 1 _2
856 4 0 _uhttps://fll.law.cu.edu.eg/fulltext/bks/B11-08100.pdf
905 _a50
942 _2ddc
_cBK
_e21
_n0
999 _c64090
_d64090